Ijtihad DAN APLIKASINYA DALAM MUAMALAT KEWANGAN ISLAM / (Record no. 203535)
[ view plain ]
| 000 -LEADER | |
|---|---|
| fixed length control field | 01240nam a2200313 i 4500 |
| 005 - DATE AND TIME OF LATEST TRANSACTION | |
| control field | 20260407172851.0 |
| 008 - FIXED-LENGTH DATA ELEMENTS--GENERAL INFORMATION | |
| fixed length control field | 260329t20252025my a gr o000 0dmay d |
| 020 ## - INTERNATIONAL STANDARD BOOK NUMBER | |
| International Standard Book Number | 9789674619862 |
| Terms of availability | RM38.00 |
| Qualifying information | paperback |
| 040 ## - CATALOGING SOURCE | |
| Original cataloging agency | PPAK |
| Language of cataloging | eng |
| Transcribing agency | PPAK |
| Description conventions | rda |
| 082 04 - DEWEY DECIMAL CLASSIFICATION NUMBER | |
| Edition number | 23 |
| Classification number | 332.088297 |
| 090 00 - LOCALLY ASSIGNED LC-TYPE CALL NUMBER (OCLC); LOCAL CALL NUMBER (RLIN) | |
| Classification number (OCLC) (R) ; Classification number, CALL (RLIN) (NR) | 332.088297 |
| Feature heading | FAT |
| Feature heading | G |
| 100 0# - MAIN ENTRY--PERSONAL NAME | |
| Personal name | Fathullah Asni, |
| Fuller form of name | (Muhammad Fathullah Al Haq bin Muhamad Asni), |
| Titles and words associated with a name | Dr., |
| Relator term | author. |
| 245 10 - TITLE STATEMENT | |
| Title | Ijtihad DAN APLIKASINYA DALAM MUAMALAT KEWANGAN ISLAM / |
| Statement of responsibility, etc. | FATHULLAH ASNI ; Editor Substantif : Nazrul Hassan ; Editor Naskhah: Norsamila Samsudin |
| 264 #1 - PRODUCTION, PUBLICATION, DISTRIBUTION, MANUFACTURE, AND COPYRIGHT NOTICE | |
| Place of production, publication, distribution, manufacture | Pulau Pinang : |
| Name of producer, publisher, distributor, manufacturer | Penerbit Universiti Sains Malaysia, |
| Date of production, publication, distribution, manufacture, or copyright notice | 2025 |
| Date of production, publication, distribution, manufacture, or copyright notice | ©2025 |
| 300 ## - PHYSICAL DESCRIPTION | |
| Extent | xi, 197 pages : |
| Other physical details | illustrations ; |
| Dimensions | 23 cm |
| 336 ## - CONTENT TYPE | |
| Content type term | text |
| Source | rdacontent |
| 337 ## - MEDIA TYPE | |
| Media type term | unmediated |
| Source | rdamedia |
| 338 ## - CARRIER TYPE | |
| Carrier type term | volume |
| Source | rdacarrier |
| 500 ## - GENERAL NOTE | |
| General note | Contains verses from the Qur'an and quotes from the Hadith. |
| 504 ## - BIBLIOGRAPHY, ETC. NOTE | |
| Bibliography, etc. note | Bibliography: pages 187-196. |
| 650 10 - SUBJECT ADDED ENTRY--TOPICAL TERM | |
| Topical term or geographic name entry element | Finance |
| General subdivision | Religious aspects |
| -- | Islam |
| Topical term or geographic name entry element | Ijtihād (Islamic law) |
| Topical term or geographic name entry element | Islam |
| General subdivision | Economic aspects |
| Topical term or geographic name entry element | Government publications |
| Geographic subdivision | Malaysia |
| 700 0# - ADDED ENTRY--PERSONAL NAME | |
| Personal name | Nazrul Hassan, |
| Relator term | editor. |
| Personal name | Norsamila Samsudin, |
| Relator term | editor. |
| 942 ## - ADDED ENTRY ELEMENTS (KOHA) | |
| Source of classification or shelving scheme | Dewey Decimal Classification |
| Koha item type | Book |
| Withdrawn | Not for loan | Current library | Shelving location | Date acquired | Total Checkouts | Full call number | Barcode | Date last seen | Koha item type |
|---|---|---|---|---|---|---|---|---|---|
| Perpustakaan Alor Setar | Pinjaman Dewasa | 12/04/2026 | 332.088297 FAT | A01902472 | 12/04/2026 | Book | |||
| Perpustakaan Awam Sungai Petani | Pinjaman Dewasa | 12/04/2026 | 332.088297 FAT | A01902473 | 12/04/2026 | Book | |||
| Perpustakaan Baling | Pinjaman Dewasa | 12/04/2026 | 332.088297 FAT | A01902477 | 12/04/2026 | Book | |||
| Perpustakaan Bandar Baharu | Pinjaman Dewasa | 12/04/2026 | 332.088297 FAT | A01902478 | 12/04/2026 | Book | |||
| Perpustakaan Jitra | Pinjaman Dewasa | 12/04/2026 | 332.088297 FAT | A01902474 | 12/04/2026 | Book | |||
| Perpustakaan Kuala Nerang | Pinjaman Dewasa | 12/04/2026 | 332.088297 FAT | A01902482 | 12/04/2026 | Book | |||
| Perpustakaan Kulim | Pinjaman Dewasa | 12/04/2026 | 332.088297 FAT | A01902476 | 12/04/2026 | Book | |||
| Perpustakaan Langkawi | Pinjaman Dewasa | 12/04/2026 | 332.088297 FAT | A01902475 | 12/04/2026 | Book | |||
| Perpustakaan Merbok | Pinjaman Dewasa | 12/04/2026 | 332.088297 FAT | A01902479 | 12/04/2026 | Book | |||
| Perpustakaan Pendang | Pinjaman Dewasa | 12/04/2026 | 332.088297 FAT | A01902483 | 12/04/2026 | Book | |||
| Perpustakaan Sik | Pinjaman Dewasa | 12/04/2026 | 332.088297 FAT | A01902481 | 12/04/2026 | Book | |||
| Perpustakaan Yan | Pinjaman Dewasa | 12/04/2026 | 332.088297 FAT | A01902480 | 12/04/2026 | Book |